Science Quiz

Random Science or Biology Quiz

Characteristics of life Quiz Stats

 Plays Quiz not verified by Sporcle

Score 0/10 Timer 02:00
0 Plays Today
Characteristics of life Characteristics of life % Correct
smallest unit of lifecells
90.4%
new organismsreproduce
66.3%
balanceHomeostasis
48.2%
adaptationEvolution
47%
growthdevelop
32.5%
fooduse energy
32.5%
stems and leaves bend toward the light. respond to stimuli
25.3%
directionsgenetic information
12%
life is complex highly ordered
4.8%
organisms alter somethingalter their environments
2.4%

You're not logged in!

Compare scores with friends on all Sporcle quizzes.
OR
Log In

Show Comments

Extras

Created Oct 17, 2010ReportNominate
Tags:Biology Quiz

Top Quizzes Today


Score Distribution

Your Account Isn't Verified!

In order to create a playlist on Sporcle, you need to verify the email address you used during registration. Go to your Sporcle Settings to finish the process.

Report this User

Report this user for behavior that violates our Community Guidelines.

Details: